Statistics for Moon Men

Click here to take the quiz!

General Stats

  • This quiz has been taken 44 times
    (27 since last reset)
  • The average score is 5 of 27

Answer Stats

Hint Answer % Correct
2nd man on the moonBuzz Aldrin
67%
Apollo 13 was his fourth flight. Tom HanksJames Lovell
67%
Apollo 16 LMPCharles M. Duke
33%
1st American in Space. Apollo 14 CDRAlan B. Shepard
33%
Apollo 17 LMP - the geologistHarrison "Jack" Schmitt
33%
Apollo 14 LMPEdgar D. Mitchell
33%
Apollo 17 CMP. Performed last spacewalk of Moon landing programRonald Evans
33%
Apollo 13 LMP. Bill PaxtonFred Haise
33%
CDR Gemini 7 and Apollo 8Frank Borman
33%
LMP Apollo 12 - now paints moonscapesAlan Bean
33%
Last man on the MoonGene Cernan
33%
No clue neededNeil Armstrong
33%
The man who picked up Neil and BuzzMichael Collins
33%
Apollo 15 CMPAlfred M. Worden
0%
Gemini 4 - first American spacewalker. CMP Apollo 1Edward White
0%
Apollo 13 CMP - Kevin BaconJohn L. "Jack" Swigert
0%
Apollo 10 and Apollo SoyuzThomas P. Stafford
0%
Apollo 15 CDR and Gemini 8 pilotDavid R. Scott
0%
Commanded - and repaired - SkylabCharles "Pete" Conrad
0%
Apollo 14 CMPStuart A. "Stu" Roosa
0%
Bumped from Apollo 13 to 16. CMPThomas "Ken" Mattingly
0%
LMP Apollo 1Roger Chaffee
0%
Apollo 15 LMP. Heart problems on flightJames B Irwin
0%
Apollo 8 LMPWilliam Anders
0%
Mercury astronaut, Gemini 3 and CDR Apollo 1Virgil I. "Gus" Grissom
0%
Apollo 12 CMP. Set for CDR of Apollo 18, but canceled.Richard Gordon
0%
Apollo 16 CDR - from Gemini to the Shuttle, the Astronaut's AstronautJohn W. Young
0%

Score Distribution

Percentile by Number Answered

Percent of People with Each Score

Your Score History

You have not taken this quiz since the last reset